000 00923nam a2200289Ia 4500
003 OSt
005 20221007124238.0
006 a|||||r|||| 00| 0
007 ta
008 221006b |||||||| |||| 00| 0 eng d
020 _a9781429239899 (hbd)
024 _a125251
037 _b1251, 11/02/2011, Ashutosh Technical Books
_cTextbook
040 _aCDL
_cCDL
_beng
041 _2eng
_aeng
082 _aE:34, N9;Q0-;1 Carc
100 _aHarris Daniel C
245 0 _aQuantitative chemical anlaysis
250 _a8
260 _aNew
_bYork W H Freeman and Company
_c2010
300 _axvii, 719p.
_ccm.
500 _aGlossary GL1-GL20p.; Appendices AP1-AP15p.; Index I1-I26p.
650 _a Quantitative chemistry
_9718761
650 _aChemistry
942 _hE:34, N9;Q0-;1 Carc
_cTB
_2CC
999 _c1213241
_d1213241